LEADER 01108nam a2200241 i 4500 001 000000180711 003 CaOOAMICUS 005 20090722000000.0 008 090722s1967 gw u000 u ger u 013 $a158418 040 $aSeMil$bita 100 1 $aMeinhold, Peter <1907-1981>.$0(OLS)http://semarc/name/7068 245 10$a2 /$cvon Peter Meinhold. 260 $aFreiburg ; München :$bKarl Alber,$c1967. 300 $a628 p. ;$c23 cm. 490 0 $aOrbis academicus : Problemgeschichten der Wissenschaft in Dokumenten und Darstellungen ;$v3./5 773 0 $aMeinhold, Peter <1907-1981>$tGeschichte der kirchlichen Historiographie.$dFreiburg ; München : Karl Alber, 1967.$g2$w()21734 830 0$aOrbis academicus : Problemgeschichten der Wissenschaft in Dokumenten und Darstellungen ;$v3./5.$0(OLS)http://semarc/title/20092 850 $aSeMil 852 $aSeMil$W1$xVenegono$y1$m3A III 115$j131459$B131459$CSeMilBibl$Z2$F143331 $81 961 $aOmaggio: Altro 996 $6245$a2$9(OLS)http://semarc/title/46890 996 $6260$aFreiburg ; München :$bKarl Alber$9(OLS)http://semarc/publisher/34088 LEADER 01039nam a2200253 4500 001 000000364476 003 CaOOAMICUS 005 20250925082258.0 008 250924s2004 it 000 u ita r 020 $a88-7152-789-5 040 $aSeMil$bita 100 1 $aFanzaga, Livio,$c.$0(OLS)http://semarc/name/47444 245 12$aL'inganno di Satana /$cPadre Livio Fanzaga, Andrea Tornielli. 264 1$aMilano :$bGribaudi,$c2004. 300 $a95 p. ;$c22 cm 650 4$aFanzaga, Livio - Interviste.$0(OLS)http://semarc/subject/24562 700 1 $aTornielli, Andrea,$d<1964- >.$0(OLS)http://semarc/name/91147 850 $aSeMil 852 $aSeMil$W1$xVenegono$y1$m2D II 581$j262206$B255338$CSeMilBibl$Z2$F255338 $81 961 $aBuzzi mons. Franco - Omaggio 996 $6020$a88-7152-789-5$9(OLS)http://semarc/number/304204 996 $6245$aL'inganno di Satana$9(OLS)http://semarc/title/455864 996 $6264$aMilano :$bGribaudi$9(OLS)http://semarc/publisher/31240